000 00846nam a2200253Ia 4500
003 OSt
005 20220923221534.0
006 a|||||r|||| 00| 0
007 ta
008 RAJ
024 _a197,986
037 _cTextual
040 _aARTS
_cARTS
_bRAJ
041 _2RAJ
_aRAJ
082 _aO1528,1:gJ, 152M9
100 _aभाटी, नारायणसिंह
245 0 _aप्राचीन डिंगल गीत साहित्य
246 _aPrāchīn ḍiangal gīt sāhitya
260 _aजोध्पुर
_b राजस्थानी ग्रंथागार
_c1989
300 _a332पृ0
_ccm.
650 _aराजस्थनी साहित्य
_9156276
942 _hO1528,1:gJ, 152M9
_cTEXL
_2CC
999 _c349856
_d349856